000
00218nam a22000857a 4500
008
170626b xxu||||| |||| 00| 0 eng d
100
_9
3686
_a
Jain. R
245
_a
Together English communicative IX
260
_a
New delhi
_c
2009
999
_c
7102
_d
7102